| Tag |
First Indicator |
Second Indicator |
Subfields |
| LEADER |
00000cgm a22000001i 4500 |
| 001 |
in00003587134 |
| 006 |
m o c |
| 007 |
vz uzazuu |
| 007 |
cr una---unuuu |
| 008 |
140815p20142012cau086 o vleng d |
| 005 |
20260324163957.1 |
| 028 |
5 |
2 |
|a 1118304
|b Kanopy
|
| 035 |
|
|
|a (OCoLC)897774063
|
| 035 |
|
|
|a (CaSfKAN)kan1118304
|
| 040 |
|
|
|a UtOrBLW
|b eng
|e rda
|c UtOrBLW
|d UtOrBLW
|
| 245 |
0 |
0 |
|a DSM 5 guided collection, Vol 4 :
|b Bipolar and Related Disorders & Depressive Disorders.
|
| 264 |
|
1 |
|a [San Francisco, California, USA] :
|b Kanopy Streaming,
|c 2014.
|
| 300 |
|
|
|a 1 online resource (1 video file, approximately 278 min.) :
|b digital, .flv file, sound
|
| 336 |
|
|
|a two-dimensional moving image
|b tdi
|2 rdacontent
|
| 337 |
|
|
|a computer
|b c
|2 rdamedia
|
| 338 |
|
|
|a online resource
|b cr
|2 rdacarrier
|
| 344 |
|
|
|a digital
|
| 347 |
|
|
|a video file
|b MPEG-4
|b Flash
|
| 500 |
|
|
|a Title from title frames.
|
| 518 |
|
|
|a Originally produced by Symptom Media in 2012.
|
| 520 |
|
|
|a A series of films of patients talking about anxiety, PTSD, bipolar disorder, depressive disorder, among other psychological illnesses.
|
| 538 |
|
|
|a Mode of access: World Wide Web.
|
| 650 |
|
0 |
|a Mental illness.
|0 http://id.loc.gov/authorities/subjects/sh85083643
|
| 650 |
|
0 |
|a Post-traumatic stress disorder.
|0 http://id.loc.gov/authorities/subjects/sh85105424
|
| 650 |
|
0 |
|a Manic-depressive illness.
|0 http://id.loc.gov/authorities/subjects/sh85080541
|
| 650 |
|
0 |
|a Depression, Mental.
|0 http://id.loc.gov/authorities/subjects/sh85037053
|
| 650 |
|
0 |
|a Documentary films.
|0 http://id.loc.gov/authorities/subjects/sh85088115
|
| 655 |
|
7 |
|a Internet videos.
|2 lcgft
|0 http://id.loc.gov/authorities/genreForms/gf2011026337
|
| 655 |
|
7 |
|a Nonfiction films.
|2 lcgft
|0 http://id.loc.gov/authorities/genreForms/gf2011026423
|
| 655 |
|
7 |
|a Documentary films.
|2 lcgft
|0 http://id.loc.gov/authorities/genreForms/gf2011026205
|
| 655 |
|
7 |
|a Made-for-TV movies.
|2 lcgft
|0 http://id.loc.gov/authorities/genreForms/gf2011026381
|
| 710 |
2 |
|
|a Kanopy (Firm)
|0 http://id.loc.gov/authorities/names/no2014091415
|
| 856 |
4 |
0 |
|u http://proxy.library.tamu.edu/login?url=https://texasam.kanopystreaming.com/node/118305
|z Connect to this streaming video
|t 0
|
| 999 |
f |
f |
|s 5c43f235-b55a-31a9-a0c3-0b9388a9e6a2
|i 25d0779e-52c4-330a-b364-32a4badf1c83
|t 0
|
| 952 |
f |
f |
|a Texas A&M University
|b College Station
|c Electronic Resources
|s www_evans
|d Available Online
|t 0
|h No information provided
|
| 998 |
f |
f |
|t 0
|l Available Online
|